Word Ladder: 1997 Bob Dylan Album Quiz Stats

 Plays Quiz Updated Sep 29, 2018

Score 0/19 Timer 03:00
0 Plays Today
Clue 4-Letter Word % Correct
Tenth of a dollarDIME
98.6%
Not spicyMILD
96.9%
Food for newborn mammalsMILK
96.6%
Natural fiber made by wormsSILK
96.5%
Something small: rinky-____DINK
96.5%
♪ Album track: 'Not ____ Yet',
OR opposite of bright ♪
♪ DARK ♪
96.4%
♪ Album track: 'Love ____',
OR unwell ♪
♪ SICK ♪
96%
Fungal growthMOLD
95.8%
DiscoverFIND
95.6%
Large cloth bagSACK
95.6%
Clue 4-Letter Word % Correct
SupDINE
95.1%
Historic UK ship, Cutty ____SARK
94.6%
Unpleasantly humidDANK
94.6%
♪ Album track: ____ Irons Bound',
OR Like January weather ♪
♪ COLD ♪
94.5%
Loving or affectionateFOND
92.3%
♪ Album title: '____ Out of [last rung]' ♪♪ TIME ♪
90.2%
Thin ropeCORD
89.2%
Cross a riverFORD
88.3%
♪ Album title: '[First rung] Out of ____' ♪♪ MIND ♪
80.9%

Today's Daily Dose

Missing Word
Video Games (A-Z)

Get the Picture
Tom Hanks

You're not logged in!

Compare scores with friends on all Sporcle quizzes.
OR
Log In

Sporcle TV

Today on Sporcle TV


Watch our educational content, quiz creation guides, and fun videos on Sporcle TV.

Show Comments

Extras

Top Quizzes Today


Score Distribution

Your Account Isn't Verified!

In order to create a playlist on Sporcle, you need to verify the email address you used during registration. Go to your Sporcle Settings to finish the process.

Report this User

Report this user for behavior that violates our Community Guidelines.

Details: